[Event "World Chess Olympiad 2018"]
[Site "Batumi"]
[Date "2018.09.24"]
[Round "1"]
[Board "4"]
[WhiteFideId "13001248"]
[White "Khin Than"]
[BlackFideId "10400796"]
[Black "Skinner Francis"]
[Result "1-0"]
[LiveChessVersion "1.4.8"]
[BlackElo "1591"]
[WhiteElo "2200"]

1. d4 {[%clk 1:30:59]} Nf6 {[%clk 1:30:36]} 2. Nf3 {[%clk 1:31:23]} d5
{[%clk 1:30:01]} 3. e3 {[%clk 1:31:46]} Bg4 {[%clk 1:29:09]} 4. c4
{[%clk 1:32:00]} e6 {[%clk 1:28:51]} 5. Qb3 {[%clk 1:32:02]} b6 {[%clk 1:27:42]}
6. Ne5 {[%clk 1:31:58]} Be7 {[%clk 1:24:41]} 7. Nc3 {[%clk 1:28:59]} O-O
{[%clk 1:24:11]} 8. Nxg4 {[%clk 1:28:26]} Nxg4 {[%clk 1:24:10]} 9. cxd5
{[%clk 1:28:39]} e5 {[%clk 1:20:33]} 10. Be2 {[%clk 1:27:11]} exd4
{[%clk 1:19:19]} 11. Bxg4 {[%clk 1:27:04]} dxc3 {[%clk 1:19:07]} 12. bxc3
{[%clk 1:26:03]} Na6 {[%clk 1:16:56]} 13. O-O {[%clk 1:25:18]} Nc5
{[%clk 1:15:51]} 14. Qc2 {[%clk 1:23:56]} Qxd5 {[%clk 1:09:17]} 15. Bf3
{[%clk 1:23:39]} Qg5 {[%clk 1:05:17]} 16. Bxa8 {[%clk 1:22:56]} Rxa8
{[%clk 1:05:14]} 17. Ba3 {[%clk 1:22:54]} Bd6 {[%clk 1:01:22]} 18. Bxc5
{[%clk 1:21:16]} Bxc5 {[%clk 1:00:26]} 19. Qe4 {[%clk 1:19:59]} Rf8
{[%clk 0:58:04]} 20. Rad1 {[%clk 1:18:58]} Bd6 {[%clk 0:56:49]} 21. Rd5
{[%clk 1:17:28]} Qh6 {[%clk 0:55:42]} 22. g3 {[%clk 1:17:16]} Qf6
{[%clk 0:53:36]} 23. Qd3 {[%clk 1:16:40]} g6 {[%clk 0:51:07]} 24. e4
{[%clk 1:14:28]} Bc5 {[%clk 0:50:38]} 25. Kg2 {[%clk 1:13:19]} Qe6
{[%clk 0:48:24]} 26. c4 {[%clk 1:11:24]} h6 {[%clk 0:43:49]} 27. f4
{[%clk 1:09:12]} Qc8 {[%clk 0:37:11]} 28. Rd1 {[%clk 1:08:20]} Qa6
{[%clk 0:35:14]} 29. Qe2 {[%clk 1:08:26]} Qa4 {[%clk 0:32:38]} 30. Rd8
{[%clk 1:06:52]} Qa3 31. Rxf8+ Bxf8 {[%clk 0:29:20]} 32. Rd8 {[%clk 1:06:54]} Kg7
{[%clk 0:28:46]} 33. e5 {[%clk 1:04:11]} c5 {[%clk 0:26:47]} 34. e6
{[%clk 1:03:42]} Qa4 {[%clk 0:22:32]} 35. Qe5+ {[%clk 1:02:28]} Kh7
{[%clk 0:19:48]} 36. Rxf8 {[%clk 1:02:46]} Qc6+ {[%clk 0:19:15]} 37. Qd5
{[%clk 1:02:47]} Qxd5+ {[%clk 0:18:13]} 38. cxd5 {[%clk 1:03:13]} fxe6
{[%clk 0:17:59]} 39. dxe6 {[%clk 1:03:39]} Kg7 {[%clk 0:17:05]} 40. e7
{[%clk 1:34:05]} h5 {[%clk 0:46:01]} 41. e8=Q {[%clk 1:34:18]} Kh6
{[%clk 0:45:48]} 42. Rh8+ {[%clk 1:34:40]} Kg7 {[%clk 0:45:45]} 43. Qf8#
{[%clk 1:35:05]} 1-0

[Event "World Chess Olympiad 2018"]
[Site "Batumi"]
[Date "2018.09.24"]
[Round "1"]
[Board "1"]
[WhiteFideId "806404"]
[White "Efimov Igor"]
[BlackFideId "21100039"]
[Black "Bah Ebrima"]
[Result "1-0"]
[LiveChessVersion "1.4.8"]
[BlackElo "2066"]
[WhiteElo "2421"]

1. d4 {[%clk 1:30:48]} d5 {[%clk 1:27:44]} 2. Nf3 {[%clk 1:31:07]} Bf5
{[%clk 1:27:23]} 3. c4 {[%clk 1:31:08]} c6 {[%clk 1:26:39]} 4. Nc3
{[%clk 1:28:07]} e6 {[%clk 1:26:51]} 5. Qb3 {[%clk 1:28:26]} Qc7 {[%clk 1:25:54]}
6. Bf4 {[%clk 1:13:22]} Qb6 {[%clk 1:22:14]} 7. c5 {[%clk 1:12:30]} Qxb3
{[%clk 1:22:19]} 8. axb3 {[%clk 1:12:53]} Nd7 {[%clk 1:22:07]} 9. b4
{[%clk 1:13:15]} f6 {[%clk 1:18:26]} 10. e3 {[%clk 1:13:13]} g5 {[%clk 1:15:20]}
11. Bg3 {[%clk 1:07:34]} h5 {[%clk 1:15:25]} 12. h4 {[%clk 1:06:30]} g4
{[%clk 1:12:58]} 13. Nd2 {[%clk 0:52:54]} e5 {[%clk 1:12:00]} 14. b5
{[%clk 0:53:09]} Ne7 {[%clk 1:11:08]} 15. b4 {[%clk 0:53:23]} Bg7
{[%clk 1:10:41]} 16. b6 {[%clk 0:50:10]} a6 {[%clk 1:10:22]} 17. b5
{[%clk 0:50:27]} cxb5 {[%clk 1:08:30]} 18. Nxb5 {[%clk 0:48:52]} O-O
{[%clk 1:08:51]} 19. Nc7 {[%clk 0:45:43]} Rad8 {[%clk 1:06:37]} 20. Nb3
{[%clk 0:44:59]} Nb8 {[%clk 1:06:52]} 21. Be2 {[%clk 0:39:59]} Nec6
{[%clk 1:06:14]} 22. O-O {[%clk 0:37:00]} Rf7 {[%clk 1:03:22]} 23. Ra2
{[%clk 0:36:54]} Re7 {[%clk 1:02:11]} 24. Rd2 {[%clk 0:36:25]} Nb4
{[%clk 0:58:51]} 25. Na5 {[%clk 0:35:07]} Bc8 {[%clk 0:58:47]} 26. Rb1
{[%clk 0:35:12]} N4c6 {[%clk 0:57:31]} 27. Nxc6 {[%clk 0:35:09]} Nxc6
{[%clk 0:56:27]} 28. dxe5 {[%clk 0:35:31]} Nxe5 {[%clk 0:50:36]} 29. Nxd5
{[%clk 0:33:47]} Ree8 {[%clk 0:48:37]} 30. Rbd1 {[%clk 0:32:01]} Kf7
{[%clk 0:47:55]} 31. Nc7 {[%clk 0:31:28]} Rxd2 {[%clk 0:47:15]} 32. Rxd2
{[%clk 0:29:09]} Re7 {[%clk 0:47:43]} 33. Rd8 {[%clk 0:29:04]} Bf5
{[%clk 0:43:41]} 34. Bxe5 {[%clk 0:27:40]} fxe5 {[%clk 0:40:21]} 35. Bc4+
{[%clk 0:27:29]} Kg6 {[%clk 0:40:17]} 36. c6 {[%clk 0:27:51]} Be4
{[%clk 0:36:29]} 37. Bd5 {[%clk 0:26:20]} Bxd5 38. Nxd5 1-0

[Event "World Chess Olympiad 2018"]
[Site "Batumi"]
[Date "2018.09.24"]
[Round "1"]
[Board "3"]
[WhiteFideId "623830"]
[White "Nelis Jean-Francois"]
[BlackFideId "21100306"]
[Black "Garber Ousainou"]
[Result "1-0"]
[LiveChessVersion "1.4.8"]
[BlackElo "1701"]
[WhiteElo "2154"]

1. e4 {[%clk 1:30:57]} e5 {[%clk 1:27:56]} 2. Bc4 {[%clk 1:31:06]} d6
{[%clk 1:27:20]} 3. Nf3 {[%clk 1:30:10]} Be7 {[%clk 1:27:30]} 4. O-O
{[%clk 1:26:35]} Nf6 {[%clk 1:27:45]} 5. d3 {[%clk 1:26:57]} O-O {[%clk 1:27:54]}
6. c3 {[%clk 1:26:28]} c6 {[%clk 1:27:20]} 7. Bb3 {[%clk 1:22:25]} Bg4
{[%clk 1:27:02]} 8. Re1 {[%clk 1:22:07]} Nbd7 {[%clk 1:25:43]} 9. Nbd2
{[%clk 1:22:11]} Nc5 {[%clk 1:25:25]} 10. Bc2 {[%clk 1:22:31]} Bh5
{[%clk 1:23:33]} 11. h3 {[%clk 1:17:22]} Nfd7 {[%clk 1:23:15]} 12. Nf1
{[%clk 1:13:54]} Ne6 {[%clk 1:21:53]} 13. Ng3 {[%clk 1:11:41]} Bg6
{[%clk 1:20:58]} 14. d4 {[%clk 1:10:28]} Nf4 {[%clk 1:20:52]} 15. Be3
{[%clk 1:07:47]} b5 {[%clk 1:19:44]} 16. Qd2 {[%clk 1:05:52]} Bg5
{[%clk 1:16:02]} 17. dxe5 {[%clk 1:01:26]} dxe5 {[%clk 1:14:45]} 18. Nxg5
{[%clk 1:01:39]} Qxg5 {[%clk 1:09:38]} 19. Qxd7 {[%clk 0:59:31]} h5
{[%clk 1:08:52]} 20. Qd1 {[%clk 0:49:22]} h4 {[%clk 1:07:06]} 21. Bxf4
{[%clk 0:47:35]} exf4 22. Nf1 Bh5 {[%clk 1:03:52]} 23. f3 {[%clk 0:47:19]} Rfd8
{[%clk 1:03:48]} 24. Qe2 {[%clk 0:47:22]} a5 {[%clk 1:01:44]} 25. Rad1
{[%clk 0:47:20]} Re8 {[%clk 1:00:55]} 26. Nh2 {[%clk 0:47:20]} Bg6
{[%clk 0:59:57]} 27. Rd2 {[%clk 0:46:02]} a4 {[%clk 0:59:25]} 28. a3
{[%clk 0:46:18]} Re6 {[%clk 0:59:10]} 29. Qf2 {[%clk 0:45:04]} Rae8
{[%clk 0:58:15]} 30. Rde2 {[%clk 0:44:08]} Qe7 {[%clk 0:57:44]} 31. Nf1
{[%clk 0:42:46]} Bh7 {[%clk 0:55:33]} 32. Rd2 {[%clk 0:40:39]} f5
{[%clk 0:53:33]} 33. e5 {[%clk 0:39:29]} Rxe5 34. Rxe5 Qxe5 35. Qxh4 c5
{[%clk 0:49:44]} 36. Rd8 {[%clk 0:32:50]} Bg6 {[%clk 0:46:36]} 37. Rd2
{[%clk 0:28:54]} Bf7 {[%clk 0:45:08]} 38. Qf2 {[%clk 0:26:42]} Bc4
{[%clk 0:43:32]} 39. Bd3 {[%clk 0:26:47]} Bxd3 40. Rxd3 g5 {[%clk 0:37:20]} 41.
Qd2 {[%clk 0:27:06]} Qf6 {[%clk 0:34:29]} 42. Rd6 {[%clk 0:26:25]} Qf7
{[%clk 0:32:42]} 43. Qd5 {[%clk 0:24:07]} g4 {[%clk 0:30:09]} 44. hxg4
{[%clk 0:24:05]} fxg4 {[%clk 0:29:23]} 45. Qg5+ {[%clk 0:24:20]} Qg7 46. Rg6 Re7
{[%clk 0:23:59]} 47. Rxg7+ {[%clk 0:24:30]} Rxg7 48. Qxg7+ Kxg7 49. fxg4 Kf6
{[%clk 0:22:23]} 50. Kf2 {[%clk 0:24:58]} Kg5 {[%clk 0:20:03]} 51. Kf3
{[%clk 0:25:25]} b4 {[%clk 0:17:15]} 52. cxb4 {[%clk 0:25:52]} cxb4
{[%clk 0:16:58]} 53. axb4 {[%clk 0:26:16]} Kh4 {[%clk 0:16:39]} 54. Kxf4
{[%clk 0:25:47]} a3 {[%clk 0:16:37]} 55. Ne3 {[%clk 0:25:52]} axb2 56. Nf5# 1-0

[Event "World Chess Olympiad 2018"]
[Site "Batumi"]
[Date "2018.09.24"]
[Round "1"]
[Board "1"]
[WhiteFideId "22400052"]
[White "Gadeanang Andrew"]
[BlackFideId "8102368"]
[Black "Moayed Obied"]
[Result "0-1"]
[LiveChessVersion "1.4.8"]
[BlackElo "2125"]
[WhiteElo "1551"]

1. d4 {[%clk 1:30:11]} Nf6 {[%clk 1:30:24]} 2. c4 {[%clk 1:30:30]} e6
{[%clk 1:30:47]} 3. Nc3 {[%clk 1:30:51]} d5 {[%clk 1:31:11]} 4. e3
{[%clk 1:30:30]} Be7 {[%clk 1:29:56]} 5. Nf3 {[%clk 1:30:23]} O-O
{[%clk 1:30:19]} 6. Bd3 {[%clk 1:30:31]} Nbd7 {[%clk 1:30:42]} 7. O-O
{[%clk 1:28:59]} c5 {[%clk 1:31:04]} 8. Ne5 {[%clk 1:26:14]} dxc4
{[%clk 1:26:01]} 9. Bxc4 {[%clk 1:25:08]} a6 {[%clk 1:18:53]} 10. f4
{[%clk 1:24:58]} Qc7 {[%clk 1:17:50]} 11. Bd3 {[%clk 1:24:09]} b5
{[%clk 1:14:22]} 12. Nxd7 {[%clk 1:23:12]} Qxd7 {[%clk 1:12:38]} 13. dxc5
{[%clk 1:18:18]} Bxc5 {[%clk 1:11:54]} 14. Qe2 {[%clk 1:18:33]} Bb7
{[%clk 1:11:10]} 15. Rd1 {[%clk 1:18:42]} Qc6 {[%clk 1:10:24]} 16. Kh1
{[%clk 1:17:41]} b4 {[%clk 1:08:33]} 17. Nb1 {[%clk 1:17:32]} Rad8
{[%clk 1:07:11]} 18. Rg1 {[%clk 1:15:39]} Ne4 {[%clk 1:04:05]} 19. Bd2
{[%clk 1:11:56]} Rxd3 {[%clk 1:03:50]} 20. Be1 {[%clk 1:11:12]} Rfd8
{[%clk 1:03:16]} 21. a3 {[%clk 1:06:19]} Rxe3 {[%clk 1:01:59]} 22. Qf1 0-1

[Event "World Chess Olympiad 2018"]
[Site "Batumi"]
[Date "2018.09.24"]
[Round "1"]
[Board "2"]
[WhiteFideId "8100144"]
[White "Mansour Sameer"]
[BlackFideId "22400079"]
[Black "Dabuae David"]
[Result "1-0"]
[LiveChessVersion "1.4.8"]
[BlackElo "1723"]
[WhiteElo "2232"]

1. d4 {[%clk 1:29:59]} Nf6 2. c4 {[%clk 1:30:01]} c5 {[%clk 1:30:37]} 3. d5
{[%clk 1:30:16]} e6 {[%clk 1:30:35]} 4. Nc3 {[%clk 1:30:40]} exd5
{[%clk 1:30:42]} 5. cxd5 {[%clk 1:31:06]} d6 {[%clk 1:30:59]} 6. e4
{[%clk 1:31:30]} Be7 {[%clk 1:30:57]} 7. f4 {[%clk 1:31:48]} O-O {[%clk 1:25:33]}
8. Nf3 {[%clk 1:31:07]} Bg4 {[%clk 1:25:30]} 9. Bd3 {[%clk 1:28:57]} Qb6
{[%clk 1:20:46]} 10. h3 {[%clk 1:21:06]} Bxf3 {[%clk 1:12:47]} 11. Qxf3
{[%clk 1:21:24]} Na6 {[%clk 1:12:38]} 12. e5 {[%clk 1:14:57]} Nd7
{[%clk 1:09:17]} 13. Qe4 {[%clk 1:12:01]} f5 {[%clk 1:09:03]} 14. Qe3
{[%clk 1:07:53]} dxe5 {[%clk 1:08:41]} 15. fxe5 {[%clk 1:08:15]} Nxe5
{[%clk 1:08:26]} 16. Qxe5 {[%clk 1:08:00]} Bh4+ {[%clk 1:08:30]} 17. Kd1
{[%clk 1:08:21]} Rae8 {[%clk 1:08:45]} 18. Qf4 {[%clk 1:08:36]} g5
{[%clk 1:06:55]} 19. Qf3 {[%clk 1:08:18]} c4 {[%clk 1:05:58]} 20. Bxc4
{[%clk 1:05:55]} Nb4 {[%clk 1:05:52]} 21. Ne2 {[%clk 1:00:18]} Qc5
{[%clk 1:04:20]} 22. Bb3 {[%clk 0:59:38]} Na6 {[%clk 1:03:50]} 23. Bd2
{[%clk 0:56:58]} Bf2 {[%clk 0:58:04]} 24. d6+ {[%clk 0:55:07]} Kg7
{[%clk 0:57:59]} 25. Qxb7+ {[%clk 0:52:23]} Kg6 {[%clk 0:56:28]} 26. Qxa6
{[%clk 0:52:41]} Rf6 {[%clk 0:54:50]} 27. d7 {[%clk 0:50:35]} Rd8
{[%clk 0:54:26]} 28. Qc4 {[%clk 0:44:52]} Qe5 {[%clk 0:54:01]} 29. h4
{[%clk 0:43:14]} Rxd7 {[%clk 0:52:51]} 30. hxg5 {[%clk 0:36:28]} Rxd2+
{[%clk 0:53:03]} 31. Kxd2 {[%clk 0:36:01]} Qxb2+ {[%clk 0:53:27]} 32. Kd3
{[%clk 0:34:02]} Rd6+ {[%clk 0:51:38]} 33. Qd5 {[%clk 0:30:07]} Rxd5+
{[%clk 0:51:14]} 34. Bxd5 {[%clk 0:30:33]} Qe5 {[%clk 0:51:09]} 35. Nc3
{[%clk 0:28:08]} Bd4 {[%clk 0:50:51]} 36. Rae1 {[%clk 0:27:37]} Qg7
{[%clk 0:49:44]} 37. Re6+ {[%clk 0:21:08]} Kxg5 {[%clk 0:49:34]} 38. Rh3
{[%clk 0:21:21]} Be5 {[%clk 0:48:04]} 39. Bf3 {[%clk 0:17:59]} Qd7+
{[%clk 0:46:30]} 40. Bd5 {[%clk 0:40:25]} Bxc3 {[%clk 1:16:18]} 41. Kc4
{[%clk 0:39:19]} Bf6 {[%clk 1:14:27]} 42. Rg3+ {[%clk 0:36:36]} Kf4
{[%clk 1:06:18]} 43. Rf3+ {[%clk 0:36:25]} Kg5 {[%clk 1:06:22]} 44. Rc6
{[%clk 0:33:45]} a5 {[%clk 1:03:37]} 45. Rg3+ {[%clk 0:29:09]} Kf4
{[%clk 1:03:34]} 46. Ra3 {[%clk 0:28:27]} Qe7 {[%clk 1:03:01]} 47. Ra4
{[%clk 0:27:38]} Kg5 {[%clk 1:00:04]} 48. Be6 {[%clk 0:24:49]} Qa7
{[%clk 0:59:13]} 49. Bc8 {[%clk 0:10:14]} Qf7+ {[%clk 0:58:14]} 50. Kb5
{[%clk 0:08:53]} Qd5+ {[%clk 0:56:47]} 51. Rc5 {[%clk 0:09:18]} Qd3+
{[%clk 0:56:51]} 52. Kc6 {[%clk 0:08:55]} Be7 {[%clk 0:53:23]} 53. Rxf5+
{[%clk 0:09:08]} Kg6 {[%clk 0:52:58]} 54. Rg4+ {[%clk 0:09:04]} Kh6
{[%clk 0:52:52]} 55. Rd5 {[%clk 0:08:29]} Qc3+ {[%clk 0:49:51]} 56. Kd7
{[%clk 0:08:44]} Bb4 {[%clk 0:49:43]} 57. Rd1 {[%clk 0:08:13]} Kh5
{[%clk 0:49:28]} 58. Rg8 {[%clk 0:06:59]} Be7 {[%clk 0:48:09]} 59. Rh1+
{[%clk 0:06:16]} Bh4 {[%clk 0:48:15]} 60. g4+ {[%clk 0:06:36]} 1-0

[Event "World Chess Olympiad 2018"]
[Site "Batumi"]
[Date "2018.09.24"]
[Round "1"]
[Board "3"]
[WhiteFideId "22400117"]
[White "Taleka Jed Selu"]
[BlackFideId "8103178"]
[Black "Ahmad Al Khatib"]
[Result "0-1"]
[LiveChessVersion "1.4.8"]
[BlackElo "2355"]
[WhiteElo "1723"]

1. d4 {[%clk 1:29:46]} Nf6 {[%clk 1:30:52]} 2. Bf4 {[%clk 1:29:38]} g6
{[%clk 1:30:14]} 3. Nf3 {[%clk 1:29:36]} Bg7 {[%clk 1:30:39]} 4. c3
{[%clk 1:27:26]} O-O {[%clk 1:30:29]} 5. Nbd2 {[%clk 1:26:36]} d6
{[%clk 1:29:20]} 6. e4 {[%clk 1:26:31]} Nbd7 {[%clk 1:27:20]} 7. Bc4
{[%clk 1:23:50]} c5 {[%clk 1:23:25]} 8. O-O {[%clk 1:23:11]} cxd4
{[%clk 1:23:43]} 9. cxd4 {[%clk 1:23:16]} d5 {[%clk 1:23:56]} 10. exd5
{[%clk 1:18:12]} Nb6 {[%clk 1:23:38]} 11. Be5 {[%clk 1:16:35]} Nxc4
{[%clk 1:22:09]} 12. Nxc4 {[%clk 1:16:34]} Qxd5 {[%clk 1:22:02]} 13. Ne3
{[%clk 1:16:16]} Qb5 {[%clk 1:19:50]} 14. Qd2 {[%clk 1:13:07]} Be6
{[%clk 1:12:43]} 15. a4 {[%clk 1:12:33]} Qd7 {[%clk 1:08:20]} 16. Qb4
{[%clk 1:09:28]} Rac8 {[%clk 1:05:07]} 17. Rad1 {[%clk 1:07:49]} Nd5
{[%clk 0:52:12]} 18. Nxd5 {[%clk 1:07:34]} Bxd5 {[%clk 0:52:32]} 19. Bxg7
{[%clk 1:07:48]} Kxg7 {[%clk 0:52:32]} 20. Ne5 {[%clk 1:08:09]} Qd6
{[%clk 0:52:46]} 21. Qxd6 {[%clk 1:05:50]} exd6 {[%clk 0:53:11]} 22. Ng4
{[%clk 1:05:20]} Bb3 {[%clk 0:52:23]} 23. Ra1 {[%clk 0:59:37]} f5
{[%clk 0:47:38]} 24. Ne3 {[%clk 0:59:47]} f4 {[%clk 0:47:55]} 25. Nd1
{[%clk 0:59:23]} Rc4 {[%clk 0:39:28]} 26. Ra3 {[%clk 0:56:51]} Bxd1
{[%clk 0:36:43]} 27. Rxd1 {[%clk 0:57:04]} Re8 {[%clk 0:37:01]} 28. Rc3
{[%clk 0:55:51]} Rxd4 {[%clk 0:35:36]} 29. Rdc1 {[%clk 0:55:02]} Re7
{[%clk 0:31:08]} 30. b3 {[%clk 0:54:45]} Kf6 {[%clk 0:29:20]} 31. Kf1
{[%clk 0:55:00]} Rd2 {[%clk 0:28:19]} 32. Rf3 {[%clk 0:55:12]} Kf5
{[%clk 0:28:16]} 33. g3 {[%clk 0:54:47]} g5 {[%clk 0:26:44]} 34. Rc4
{[%clk 0:54:28]} Rd1+ {[%clk 0:25:13]} 35. Kg2 {[%clk 0:51:30]} Ree1
{[%clk 0:25:35]} 36. Rfc3 {[%clk 0:50:46]} d5 {[%clk 0:22:10]} 37. Rc7
{[%clk 0:50:36]} g4 {[%clk 0:22:20]} 0-1

[Event "World Chess Olympiad 2018"]
[Site "Batumi"]
[Date "2018.09.24"]
[Round "1"]
[Board "4"]
[WhiteFideId "7600437"]
[White "Issa Rafat"]
[BlackFideId "22400010"]
[Black "Dube Rene"]
[Result "1-0"]
[LiveChessVersion "1.4.8"]
[BlackElo "1743"]
[WhiteElo "2388"]

1. Nf3 {[%clk 1:30:25]} Nc6 {[%clk 1:30:21]} 2. d4 {[%clk 1:29:50]} d5
{[%clk 1:30:03]} 3. g3 {[%clk 1:29:25]} Bf5 {[%clk 1:29:21]} 4. Bg2
{[%clk 1:29:08]} e6 {[%clk 1:29:20]} 5. O-O {[%clk 1:28:51]} Bd6 {[%clk 1:28:46]}
6. c4 {[%clk 1:26:48]} dxc4 {[%clk 1:27:21]} 7. Nh4 {[%clk 1:23:50]} Nf6
{[%clk 1:24:04]} 8. Nxf5 {[%clk 1:13:22]} exf5 {[%clk 1:23:03]} 9. Qa4
{[%clk 1:13:37]} O-O {[%clk 1:19:09]} 10. Qxc4 {[%clk 1:08:27]} Rb8
{[%clk 1:11:54]} 11. Nc3 {[%clk 1:05:55]} a6 {[%clk 1:06:56]} 12. Bxc6
{[%clk 0:58:01]} bxc6 {[%clk 1:07:06]} 13. Qxa6 {[%clk 0:58:21]} Rb6
{[%clk 1:06:17]} 14. Qd3 {[%clk 0:55:26]} Qd7 {[%clk 1:01:01]} 15. a4
{[%clk 0:52:02]} f4 {[%clk 0:58:43]} 16. gxf4 {[%clk 0:48:09]} Nd5
{[%clk 0:56:26]} 17. Qf3 {[%clk 0:38:48]} Rb3 {[%clk 0:49:15]} 18. e4
{[%clk 0:34:46]} Nxc3 {[%clk 0:44:22]} 19. bxc3 {[%clk 0:35:06]} c5
{[%clk 0:38:09]} 20. d5 {[%clk 0:24:39]} f6 {[%clk 0:37:14]} 21. Kh1
{[%clk 0:23:35]} Re8 {[%clk 0:33:25]} 22. a5 {[%clk 0:20:51]} c6 {[%clk 0:31:17]}
23. a6 {[%clk 0:17:22]} Ra8 {[%clk 0:28:08]} 24. e5 {[%clk 0:15:12]} fxe5
{[%clk 0:27:15]} 25. dxc6 {[%clk 0:15:33]} Qf7 {[%clk 0:27:03]} 26. c7
{[%clk 0:15:35]} Rc8 {[%clk 0:26:07]} 27. a7 {[%clk 0:15:11]} Rxc3
{[%clk 0:20:12]} 28. a8=Q {[%clk 0:13:19]} Rxf3 {[%clk 0:19:57]} 29. Qxc8+
{[%clk 0:13:41]} Bf8 {[%clk 0:19:26]} 30. Ra8 {[%clk 0:13:58]} Rxf4
{[%clk 0:16:09]} 31. Bxf4 {[%clk 0:14:08]} 1-0

[Event "World Chess Olympiad 2018"]
[Site "Batumi"]
[Date "2018.09.24"]
[Round "1"]
[Board "1"]
[WhiteFideId "5107407"]
[White "Rojas Alarcon Julian Antonio"]
[BlackFideId "31900232"]
[Black "Guterres Luis"]
[Result "1-0"]
[LiveChessVersion "1.4.8"]
[BlackElo "1779"]
[WhiteElo "2387"]

1. e4 {[%clk 1:29:37]} e5 {[%clk 1:30:42]} 2. Nf3 {[%clk 1:29:38]} d6
{[%clk 1:30:17]} 3. d4 {[%clk 1:27:57]} exd4 {[%clk 1:28:00]} 4. Nxd4
{[%clk 1:28:20]} Nf6 {[%clk 1:27:47]} 5. Nc3 {[%clk 1:25:14]} Be7
{[%clk 1:27:13]} 6. Bc4 {[%clk 1:22:56]} c6 {[%clk 1:26:41]} 7. Bb3
{[%clk 1:16:58]} Na6 {[%clk 1:25:58]} 8. O-O {[%clk 1:14:50]} Nc5
{[%clk 1:25:41]} 9. Re1 {[%clk 1:15:13]} O-O {[%clk 1:25:29]} 10. Bf4
{[%clk 1:15:03]} a5 {[%clk 1:24:14]} 11. h3 {[%clk 1:00:27]} h6 {[%clk 1:24:31]}
12. Qd2 {[%clk 0:58:25]} Nh7 {[%clk 1:23:45]} 13. Rad1 {[%clk 0:54:18]} Bg5
{[%clk 1:20:44]} 14. Nf3 {[%clk 0:51:32]} Bxf4 {[%clk 1:20:20]} 15. Qxf4
{[%clk 0:52:00]} Nxb3 {[%clk 1:13:28]} 16. axb3 {[%clk 0:52:23]} Be6
{[%clk 1:08:40]} 17. Rxd6 {[%clk 0:52:32]} Qc7 {[%clk 1:07:35]} 18. Nd4
{[%clk 0:49:41]} Rad8 {[%clk 1:07:36]} 19. e5 {[%clk 0:50:02]} Rxd6
{[%clk 1:02:45]} 20. exd6 {[%clk 0:50:28]} Qd7 {[%clk 1:02:39]} 21. Na4
{[%clk 0:50:18]} Rd8 {[%clk 1:01:45]} 22. Nxe6 {[%clk 0:48:30]} fxe6
{[%clk 1:01:43]} 23. Rd1 {[%clk 0:48:57]} Nf6 {[%clk 0:58:26]} 24. Qe5
{[%clk 0:47:30]} Ne8 {[%clk 0:57:43]} 25. Nc5 {[%clk 0:47:34]} Nxd6
{[%clk 0:55:33]} 26. Nxd7 {[%clk 0:47:58]} Rxd7 {[%clk 0:54:56]} 27. Rxd6 Rxd6
28. Qxd6 e5 29. Qxe5 b6 30. Qb8+ Kh7 {[%clk 0:52:45]} 31. Qxb6 {[%clk 0:48:46]}
1-0

[Event "World Chess Olympiad 2018"]
[Site "Batumi"]
[Date "2018.09.24"]
[Round "1"]
[Board "2"]
[WhiteFideId "31900097"]
[White "Fernandes Tomas"]
[BlackFideId "5105439"]
[Black "Dominguez Aguilar Guillermo"]
[Result "0-1"]
[LiveChessVersion "1.4.8"]
[BlackElo "2324"]
[WhiteElo "1627"]

1. d4 {[%clk 1:30:48]} Nf6 {[%clk 1:30:48]} 2. c4 {[%clk 1:30:17]} c5
{[%clk 1:30:39]} 3. d5 {[%clk 1:30:03]} e6 {[%clk 1:30:55]} 4. Nc3
{[%clk 1:30:05]} exd5 {[%clk 1:30:54]} 5. cxd5 {[%clk 1:29:57]} d6
{[%clk 1:31:18]} 6. Nf3 {[%clk 1:29:53]} g6 {[%clk 1:31:39]} 7. Bg5
{[%clk 1:29:54]} h6 {[%clk 1:30:20]} 8. Bd2 {[%clk 1:28:31]} Bg7 {[%clk 1:30:28]}
9. g3 {[%clk 1:28:15]} Na6 {[%clk 1:28:17]} 10. Bg2 {[%clk 1:27:44]} O-O
{[%clk 1:26:12]} 11. O-O {[%clk 1:28:11]} Re8 {[%clk 1:26:10]} 12. Re1
{[%clk 1:28:23]} Bf5 {[%clk 1:22:55]} 13. Nh4 {[%clk 1:27:20]} Bd7
{[%clk 1:22:42]} 14. a3 {[%clk 1:25:05]} c4 {[%clk 1:21:41]} 15. b4
{[%clk 1:21:49]} cxb3 {[%clk 1:19:28]} 16. Qxb3 {[%clk 1:22:13]} Nc5
{[%clk 1:19:54]} 17. Qc2 {[%clk 1:18:59]} Rc8 {[%clk 1:19:57]} 18. Qa2
{[%clk 1:18:02]} b5 {[%clk 1:13:23]} 19. Rab1 {[%clk 1:17:42]} a6
{[%clk 1:13:46]} 20. Rbc1 {[%clk 1:16:26]} Ng4 {[%clk 1:13:18]} 21. Bf3
{[%clk 1:13:23]} Ne5 {[%clk 1:06:07]} 22. Bg2 {[%clk 1:12:58]} Nc4
{[%clk 1:06:13]} 23. Nb1 {[%clk 1:08:44]} Na4 {[%clk 1:01:55]} 24. Bc3
{[%clk 1:03:47]} Nxc3 {[%clk 1:01:53]} 25. Nxc3 {[%clk 1:03:58]} Qa5
{[%clk 1:02:05]} 26. Nb1 {[%clk 0:59:28]} Bb2 {[%clk 1:02:04]} 27. Rcd1
{[%clk 0:58:13]} b4 {[%clk 0:59:33]} 28. Qb3 {[%clk 0:57:43]} bxa3
{[%clk 0:59:52]} 29. Qd3 {[%clk 0:57:46]} a2 {[%clk 0:59:01]} 30. Nxg6
{[%clk 0:57:01]} fxg6 {[%clk 0:57:55]} 31. Qxg6+ {[%clk 0:57:26]} Bg7
{[%clk 0:58:19]} 32. Be4 {[%clk 0:56:12]} Rxe4 {[%clk 0:58:21]} 33. Qxe4
{[%clk 0:56:40]} a1=Q {[%clk 0:58:34]} 34. Qe7 Qd8 35. Qe4 {[%clk 0:55:43]} Qe8
{[%clk 0:58:55]} 36. Qf3 {[%clk 0:55:58]} Qf6 {[%clk 0:58:35]} 37. Qd3
{[%clk 0:56:14]} Nb2 {[%clk 0:58:50]} 38. Qxa6 {[%clk 0:56:21]} Bb5
{[%clk 0:58:47]} 39. Qxd6 {[%clk 0:56:43]} Qxd6 0-1